Geography Quiz

Random Geography or City Quiz

Cities with Boy Scout Offices Quiz Stats

 Plays Quiz not verified by Sporcle

Also try: NATO Members
Challenge
Share
Tweet
Embed
Score 0/282 Timer 20:00
0 Plays Today
Hint Answer % Correct
ArizonaPhoenix
78.8%
AlaskaAnchorage
75.8%
ArkansasLittle Rock
74.2%
AlabamaMontgomery
72.7%
CaliforniaLos Angeles
71.2%
CaliforniaSan Diego
69.7%
CaliforniaSacramento
69.7%
ColoradoDenver
69.7%
AlabamaMobile
66.7%
AlabamaBirmingham
66.7%
AlaskaFairbanks
66.7%
ArizonaTucson
66.7%
CaliforniaSan Jose
65.2%
FloridaMiami
63.6%
GeorgiaAtlanta
63.6%
ConnecticutHartford
62.1%
GeorgiaColumbus
62.1%
MississippiJackson
62.1%
MississippiColumbus
62.1%
New JerseyOakland
62.1%
OhioColumbus
62.1%
TennesseeJackson
62.1%
ColoradoColorado Springs
60.6%
IllinoisChicago
59.1%
District of ColumbiaWashington
59.1%
New YorkNew York
59.1%
HawaiiHonolulu
57.6%
FloridaJacksonville
56.1%
IllinoisSpringfield
56.1%
MainePortland
56.1%
MichiganDetroit
56.1%
MissouriSpringfield
56.1%
OhioSpringfield
56.1%
OhioCleveland
56.1%
OregonPortland
56.1%
DelawareWilmington
54.5%
IdahoBoise
54.5%
IndianaIndianapolis
54.5%
MinnesotaSt. Paul
54.5%
New YorkAlbany
54.5%
North CarolinaWilmington
54.5%
OhioCincinnati
54.5%
FloridaOrlando
53%
FloridaTampa
53%
GeorgiaRome
53%
KentuckyLouisville
53%
AlabamaTuscaloosa
51.5%
MissouriKansas City
51.5%
PennsylvaniaPittsburgh
51.5%
PennsylvaniaPhiladelphia
51.5%
TexasHouston
51.5%
VirginiaRichmond
51.5%
IowaDes Moines
50%
MarylandBaltimore
50%
NevadaLas Vegas
50%
New YorkBuffalo
50%
South CarolinaCharleston
50%
TennesseeMemphis
50%
TennesseeNashville
50%
TexasDallas
50%
West VirginiaCharleston
50%
Puerto RicoSan Juan
50%
CaliforniaBakersfield
48.5%
CaliforniaFresno
48.5%
North CarolinaRaleigh
48.5%
OhioToledo
48.5%
OklahomaOklahoma City
48.5%
OklahomaTulsa
48.5%
Rhode IslandProvidence
48.5%
UtahSalt Lake City
48.5%
WashingtonSeattle
48.5%
KentuckyLexington
47%
LouisianaNew Orleans
47%
NebraskaOmaha
47%
NebraskaLincoln
47%
NevadaReno
47%
OhioDayton
47%
TexasSan Antonio
47%
WisconsinMadison
47%
FloridaTallahassee
45.5%
KansasWichita
45.5%
LouisianaBaton Rouge
45.5%
MissouriColumbia
45.5%
North DakotaFargo
45.5%
TexasEl Paso
45.5%
New MexicoAlbuquerque
43.9%
New YorkSyracuse
43.9%
North CarolinaCharlotte
43.9%
OhioAkron
43.9%
TexasAustin
43.9%
VirginiaVirginia Beach
43.9%
GeorgiaSavannah
42.4%
IndianaFt. Wayne
42.4%
MinnesotaRochester
42.4%
Hint Answer % Correct
New YorkRochester
42.4%
WisconsinMilwaukee
42.4%
CaliforniaLong Beach
40.9%
KansasTopeka
40.9%
OregonEugene
40.9%
GeorgiaAugusta
39.4%
LouisianaShreveport
39.4%
South DakotaSioux Falls
39.4%
CaliforniaSanta Barbara
37.9%
MinnesotaDuluth
37.9%
MissouriSt. Louis
37.9%
TennesseeKnoxville
37.9%
WashingtonSpokane
37.9%
ArkansasFort Smith
36.4%
CaliforniaSanta Ana
36.4%
IndianaBloomington
36.4%
New HampshireManchester
36.4%
North CarolinaGreensboro
36.4%
North CarolinaWinston-Salem
36.4%
PennsylvaniaErie
36.4%
TexasFt. Worth
36.4%
LouisianaLafayette
34.8%
FloridaSt. Petersburg
33.3%
IllinoisPeoria
33.3%
IndianaSouth Bend
33.3%
IowaCedar Rapids
33.3%
PennsylvaniaHarrisburg
33.3%
TennesseeChattanooga
33.3%
CaliforniaModesto
31.8%
FloridaPensacola
31.8%
GeorgiaMacon
31.8%
IllinoisRockford
31.8%
MassachusettsWorcester
31.8%
MichiganAnn Arbor
31.8%
MichiganFlint
31.8%
TexasCorpus Christi
31.8%
ColoradoPueblo
30.3%
IowaDavenport
30.3%
MaineBangor
30.3%
WashingtonTacoma
30.3%
West VirginiaWheeling
30.3%
WyomingCasper
30.3%
IllinoisChampaign
28.8%
IndianaEvansville
28.8%
MassachusettsLancaster
28.8%
PennsylvaniaLancaster
28.8%
PennsylvaniaAllentown
28.8%
TexasAmarillo
28.8%
TexasLubbock
28.8%
ColoradoGrand Junction
27.3%
North CarolinaAsheville
27.3%
South CarolinaGreenville
27.3%
CaliforniaSanta Rosa
25.8%
IdahoIdaho Falls
25.8%
IllinoisDecatur
25.8%
South DakotaRapid City
25.8%
TexasIrving
25.8%
West VirginiaHuntington
25.8%
CaliforniaPasadena
24.2%
LouisianaMonroe
24.2%
PennsylvaniaReading
24.2%
South CarolinaFlorence
24.2%
FloridaFt. Myers
22.7%
IllinoisQuincy
22.7%
VirginiaRoanoke
22.7%
CaliforniaGlendale
21.2%
GeorgiaJefferson
21.2%
KansasSalina
21.2%
MontanaGreat Falls
21.2%
New MexicoRoswell
21.2%
New YorkUtica
21.2%
TexasBeaumont
21.2%
TexasWichita Falls
21.2%
TexasMidland
21.2%
TexasAbilene
21.2%
MassachusettsCanton
19.7%
OhioCanton
19.7%
UtahOgden
19.7%
VermontWaterbury
19.7%
WashingtonYakima
19.7%
WisconsinEau Claire
19.7%
MarylandHagerstown
18.2%
TexasTexarkana
18.2%
WisconsinAppleton
18.2%
GeorgiaValdosta
16.7%
New YorkMedford
16.7%
OhioWarren
16.7%
OregonMedford
16.7%
PennsylvaniaWarren
16.7%
IdahoTwin Falls
15.2%
MississippiHattiesburg
15.2%
MississippiMeridian
15.2%
MississippiTupelo
15.2%
TexasGalveston
15.2%
Hint Answer % Correct
LouisianaLake Charles
13.6%
MinnesotaSt. Cloud
13.6%
PennsylvaniaWest Chester
13.6%
South CarolinaSpartanburg
13.6%
TexasTyler
13.6%
WisconsinLaCrosse
13.6%
AlabamaDothan
12.1%
NebraskaGrand Island
12.1%
UtahOrem
12.1%
VirginiaNewport News
12.1%
West VirginiaParkersburg
12.1%
ColoradoGreeley
10.6%
MichiganMarquette
10.6%
OhioFindlay
10.6%
TennesseeJohnson City
10.6%
VirginiaWinchester
10.6%
WashingtonEverett
10.6%
IndianaKokomo
9.1%
IowaWaterloo
9.1%
IowaDubuque
9.1%
New JerseyToms River
9.1%
New JerseyPrinceton
9.1%
New YorkJamestown
9.1%
OklahomaEnid
9.1%
ArkansasEl Dorado
7.6%
CaliforniaCamarillo
7.6%
CaliforniaAlameda
7.6%
CaliforniaSan Rafael
7.6%
ConnecticutGreenwich
7.6%
MassachusettsFramingham
7.6%
MinnesotaMankato
7.6%
North CarolinaGastonia
7.6%
WisconsinWausau
7.6%
CaliforniaSan Leandro
6.1%
FloridaPalm Beach
6.1%
GeorgiaWaycross
6.1%
IllinoisMorris
6.1%
IllinoisSt. Charles
6.1%
KansasGarden City
6.1%
MarylandCumberland
6.1%
MassachusettsHaverhill
6.1%
New YorkKingston
6.1%
New YorkElmira
6.1%
OhioZanesville
6.1%
OhioAshland
6.1%
PennsylvaniaButler
6.1%
TexasSan Angelo
6.1%
WashingtonKennewick
6.1%
ConnecticutMilford
4.5%
IllinoisBelleville
4.5%
IndianaMunster
4.5%
MassachusettsChicopee
4.5%
New YorkBatavia
4.5%
PennsylvaniaDuBois
4.5%
PennsylvaniaDoylestown
4.5%
PennsylvaniaBloomsburg
4.5%
TexasParis
4.5%
TexasHarlingen
4.5%
West VirginiaFairmont
4.5%
WisconsinWaukesha
4.5%
CaliforniaRedlands
3%
CaliforniaFoster City
3%
CaliforniaPleasant Hill
3%
ConnecticutDerby
3%
IllinoisLa Grange
3%
MassachusettsYarmouth
3%
New YorkHawthorne
3%
New YorkOneonta
3%
North CarolinaKinston
3%
OklahomaBartlesville
3%
PennsylvaniaGreensburg
3%
South CarolinaColombia
3%
ItalyPisa
3%
CaliforniaVan Nuys
1.5%
GeorgiaGriffin
1.5%
HawaiiWailuku
1.5%
IllinoisMt Prospect
1.5%
IllinoisHighland Park
1.5%
MassachusettsNorton
1.5%
MassachusettsMilton
1.5%
New JerseyMorganville
1.5%
New JerseyMorganville
1.5%
New YorkMassapequa
1.5%
New YorkSalt Point
1.5%
North CarolinaAlbemarle
1.5%
OklahomaArdmore
1.5%
VirginiaWaynesboro
1.5%
New JerseyCedar Knolls
0%
New YorkDryden
0%
North CarolinaGoldboro
0%
PennsylvaniaSpring Mills
0%
PennsylvaniaMoosic
0%
North CarolinaRutherfordton
0%
JapanKitanakagusuku
0%

You're not logged in!

Compare scores with friends on all Sporcle quizzes.
Join for Free
OR
Log In

You Might Also Like...

Show Comments

Extras

Top Quizzes Today


Score Distribution

Your Account Isn't Verified!

In order to create a playlist on Sporcle, you need to verify the email address you used during registration. Go to your Sporcle Settings to finish the process.

Report this User

Report this user for behavior that violates our Community Guidelines.

Details: